Statistics for Countries that start with E

Click here to take the quiz!

General Stats

  • This quiz has been taken 46 times
    (18 since last reset)
  • The average score is 7 of 9

Answer Stats

ContinentAnswer% Correct
South AmericaEcuador
94%
EuropeEstonia
94%
AfricaEritrea
89%
AfricaEswatini
89%
North AmericaEl Salvador
83%
AfricaEthiopia
83%
AsiaEast Timor
78%
AfricaEgypt
67%
AfricaEquatorial Guinea
67%

Score Distribution

Percentile by Number Answered

Percent of People with Each Score

Your Score History

You have not taken this quiz since the last reset